000 00533nam a2200181 a 4500
005 20140310183137.0
008 020820s19uu xx 00 eng d
020 _a047158319
050 _aQA 76.9.C55
_b.B63 1994
100 _aBochenski, Barbara
245 _aImplementing production :
_bquality client / server systems /
_cBarbara Bochenski.
260 _aNew York :
_bJohn Wiley & Sons,
_c1994.
300 _a442 p. :
_c24 cm.
521 _aIT
650 _aClient / server computing
942 _cBK
_2lcc
_kFOR
999 _c19302
_d19302